A history of modern property (Record no. 79781)

MARC details
000 -LEADER
fixed length control field 00853cab a22002055a 4500
001 - CONTROL NUMBER
control field L142338
008 - FIXED-LENGTH DATA ELEMENTS--GENERAL INFORMATION
fixed length control field 080206e20080201xxka f 000 0 eng d
035 ## - SYSTEM CONTROL NUMBER
System control number (Sirsi) u142338
041 0# - LANGUAGE CODE
Language code of text/sound track or separate title eng
100 1# - MAIN ENTRY--PERSONAL NAME
Personal name Lawson, David
245 02 - TITLE STATEMENT
Title A history of modern property
Remainder of title part 8: 1988-2008 the residential years
260 ## - PUBLICATION, DISTRIBUTION, ETC.
Date of publication, distribution, etc. 2008
490 #0 - SERIES STATEMENT
Series statement Property Week
Volume/sequential designation 73(5) 1 February 2008, 59-62(4)
520 ## - SUMMARY, ETC.
Summary, etc. The eighth in an eight part series, this article shows how the balance of power between landlord and tenant has changed since the introduction of the Housing Act 1988. Discusses how over-regulation in the past drove institutions out of the sector and the emergence of buy-to-let.
590 ## - LOCAL NOTE (RLIN)
Local note KA
650 24 - SUBJECT ADDED ENTRY--TOPICAL TERM
Topical term or geographic name entry element HOUSING ACT 1988
651 #4 - SUBJECT ADDED ENTRY--GEOGRAPHIC NAME
Geographic name United Kingdom
Chronological subdivision
690 ## - LOCAL SUBJECT ADDED ENTRY--TOPICAL TERM (OCLC, RLIN)
Topical term or geographic name as entry element PROPERTY-RESIDENTIAL PROPERTY-RESIDENTIAL PROPERTY MARKET
942 ## - ADDED ENTRY ELEMENTS (KOHA)
Suppress in OPAC 0
Holdings
Withdrawn status Lost status Source of classification or shelving scheme Damaged status Not for loan Home library Current library Shelving location Date acquired Total Checkouts Full call number Barcode Date last seen Copy number Price effective from Koha item type
    Dewey Decimal Classification     London London Journal article 06/02/2008   L142338 142338-1001 06/08/2019 1 06/08/2019 Journal article